| 000 | 00456nam a2200157Ia 4500 | ||
|---|---|---|---|
| 005 | 20250528014200.0 | ||
| 008 | 240331s9999 xx 000 0 und d | ||
| 020 | _a13919148 | ||
| 082 |
_bPER _a303 |
||
| 100 | _aPerera, S | ||
| 245 | 0 |
_aPathitha : _bsamaja sanskruthika sameeksha |
|
| 260 |
_aColombo _bColombo Institute _c2005 |
||
| 300 | _a302 p ., (2nd copy) | ||
| 500 | _aA book of Socio-Cultural surveys, colonialism & postcolonial memory | ||
| 942 | _cL | ||
| 999 |
_c1389 _d1389 |
||